000 00430nam a2200181Ia 4500
001 1339
005 20260306143721.0
008 260306t1973||||xx |||||||||||||| ||spa||
041 _aESP
082 _a194
_bS26
100 _aSartre, Jean-Paul
_eAUT
245 0 _aBosquejo de una teoría de las emociones
260 _c1973
300 _a135 páginas :
_c18 cm.
650 _aGEN
654 _aCHU
942 _cLIB
_dJUS
_fJUS
_2ddc
_n
999 _c1339
_d1339